| 000 | 00448nam a22001577a 4500 | ||
|---|---|---|---|
| 005 | 20240808070333.0 | ||
| 008 | 240808b |||||||| |||| 00| 0 eng d | ||
| 041 | _aEnglish | ||
| 082 | _a349 SOU | ||
| 100 | _lEnglish | ||
| 245 | _aSouth African Law Reports: Transvaal | ||
| 260 | _aSouth African Law Reports: Transvaal | ||
| 300 |
_bxl, 336 pages; _c25 cm. |
||
| 650 |
_aLegal practice _bLaw |
||
| 942 |
_cBK _6ALISON_BN_VRIES |
||
| 999 |
_c2501 _d2501 |
||